Manual Ross 308

محفوظ في:
التفاصيل البيبلوغرافية
مؤلف مشترك: Ross Breeders (مؤلف)
التنسيق: كتاب
اللغة:الإسبانية
منشور في: Dalkeith Ross Breeders 1996
الموضوعات:
الوسوم: إضافة وسم
لا توجد وسوم, كن أول من يضع وسما على هذه التسجيلة!

MARC

LEADER 00000nam a2200000 a 4500
001 UCL5834
003 CL-VaPUC
008 040319e19960000uk |||||||||||||||||spa|d
082 0 4 |a 636.08  |b ROS  |2 21 
110 2 |a Ross Breeders  |e author  |9 483529 
245 1 0 |a Manual Ross 308 
246 1 0 |a Manual de manejo de las reproductoras 
300 |a 78 p 
942 |c BK 
945 |d 20040319 00:00:00  |a cmena 
260 |a Dalkeith  |b Ross Breeders  |c 1996 
500 |a Incluye: Ross 308, objetivos de rendimiento 
650 7 |a PRODUCCION ANIMAL  |2 CL-VaPUC  |9 483530 
650 0 |a Nutrición animal  |9 389503 
650 0 |a Zootecnia  |9 331581 
583 |a last modification  |c 20171218 01:59:06  |k Rodrigo Vera 
999 |c 308219  |d 308217 
952 |0 0  |1 0  |4 0  |6 636_080000000000000_ROS_1996  |7 0  |8 A  |9 374555  |a BIBAGR  |b BIBAGR  |d 2019-11-21  |i 3994880  |o 636.08 ROS 1996  |p 3994880  |r 2025-01-20  |w 2019-11-21  |y BK  |k AGR